000 01053nam0a22002771 4500
001 rc\1812607
005 20260406111358.0
035 _a(NLR Aleph) 005289585
090 _a6176878
_c6176878
100 _a20071224d1906 |||y0rusy50 ca
101 0 _arus
102 _aRU
105 _ay z |||||
200 1 _aО горячем приварке (школьном завтраке) в сельских школах
_fВрач Н.И. Тезяков
210 _aСаратов
_cСарат. губ. зем. управа
_d1906
215 _a[2], 15 с.
_d24
532 1 3 _aО горячем приварке школьном завтраке в сельских школах
700 1 _7ca
_8rus
_aТезяков
_bН. И.
_f1859-1925
_gНиколай Иванович
_9102953
_3RU\NLR\AUTH\77120028
801 0 _aRU
_bNLR
_c20071224
_gpsbo
801 0 _aRU
_bRuMoRGB
_c20071224
_2psbo
801 1 _aRU
_bProSoft-M
_c20071224
_2rusmarc
801 2 _aRU
_bNLR
_c20130225
_2rusmarc
852 _aNLR
_bЗем
_j36/221
942 _cBOOK
980 _aNB